| 000 | 00434 a2200169 4500 | ||
|---|---|---|---|
| 020 | _a9788183331630 | ||
| 082 | _a005.133 | ||
| 090 |
_c7005 _d7005 |
||
| 100 | _aKanetkar, Yashavant P. | ||
| 245 |
_aLet us C _cYashavant P. Kanetkar |
||
| 250 | _a11th ed. | ||
| 260 |
_aNew Delhi _bBPB Publications _c2011 |
||
| 300 | _a711 p. | ||
| 650 | _aC--Computer program language | ||
| 700 | _aYashavant P. Kanetkar | ||
| 942 |
_cBK _k005.133 KAN |
||
| 999 |
_c10814 _d10814 |
||